| 000 | 00541nam a2200205Ia 4500 | ||
|---|---|---|---|
| 005 | 20250203052157.0 | ||
| 008 | 240331s9999 xx 000 0 und d | ||
| 020 | _a9559655523 | ||
| 082 |
_bMUN _25625 _a305.4 |
||
| 100 | _aMunasinghe, I | ||
| 245 | 0 |
_aSri Lankan Women in Antiquity: _b(Sixth Century B.C. to Fifteenth Century A.C.) |
|
| 260 |
_bIndira Munasinghe _c2004 |
||
| 300 | _axxiv, 206 p., | ||
| 650 | _aWomen | ||
| 650 | _aWomen Employment | ||
| 650 | _aLiterature | ||
| 650 | _aMarriage | ||
| 650 | _aReligion | ||
| 942 | _cL | ||
| 999 |
_c1674 _d1674 |
||